000 00476 a2200157 4500
005 20250618151822.0
020 _a978-0-19-928499-3
082 _a174.4 CRA
100 _aCRANE, A.
245 _aBusiness Ethics: Managing Corporate Citizenship and Sustainability in the Age of Globalization.
250 _a2nd Ed.
260 _aNew York,
_bOxford University Press,
_c2007.
300 _aviii, 566p.: figure
_bIndex & References
_c25cm.
700 _aMATTEN, D.
942 _2ddc
_cBKS
999 _c211
_d211